00263nam a2200085Ia 4500008004100000100004100041245005600082260003000138300000900168190216s9999||||xx |||||||||||||| ||und|| aRajendra Pal & Prempuri S Chopra 0aPremier Digest Auditors Junior Accountants U.D.C.`s bSulthan Chand&Sonsc1980 a353p